000
00418nam a22001697a 4500
003
MPLRDC
005
20220104114648.0
008
210129b ||||| |||| 00| 0 eng d
082
_a
192.8 CYM
100
_a
陈宜民等译注
245
_a
中国古代格言大全
_c
250
_a
一版一刷
260
_a
_b
重庆出版社
_c
1986
300
_b
平
650
_a
格言; 箴言; 金言
942
_c
BK
_o
192.8 CYM
999
_c
9237
_d
9227